00000000nam##2200000za#4500
0019.685809
003CaOODSP
00520210624230243
007cr |||||||||||
008150407|1999||||xxc|||||o    f|0| 0 eng|d
020 |a0-662-29392-4
040 |aCaOODSP|beng
043 |an-cn---
0861 |aP75-14/1999E-IN
1101 |aCanada.|bPublic Works and Government Services Canada.|bAudit and Review Branch.
24510|aReview of Automated Buyer Environment (ABE) - data integrity and functionality |h[electronic resource]
260 |aOttawa - Ontario : |bPublic Works and Government Services Canada. |c1999.
300 |a28p. (2657 KB)
590 |a00-40|b2000-10-06
69007|aPurchasing|2gcpds
69007|aElectronic commerce|2gcpds
69007|aInformation|2gcpds
77508|tExamen de l'Environnement automatisé de l'acheteur (ABE) - intégrité des données et de la fonctionnalité |w(CaOODSP)9.630394
85640|ahttp://publications.gc.ca|qPDF|s2657 KB|uhttps://publications.gc.ca/collections/Collection/P75-14-1999E.pdf
986 |a1998-645